|
|
|
|
| LEADER |
00000naa a2200000uu 4500 |
| 001 |
vtls011090349 |
| 003 |
SK-MaSNL |
| 005 |
20260302110102.0 |
| 008 |
220810|2011 xo |||||||||||||||||cze| |
| 015 |
|
|
|a SNBRA
|
| 035 |
|
|
|a (urnnbn)urn:nbn:sk:snk:ar-a0cpwc
|
| 035 |
|
|
|a (uuid)43ddd46c-e57b-459c-a2d2-9d0fd754a6eb
|
| 035 |
|
|
|a urn:nbn:sk:snk-aavvnb
|
| 040 |
|
|
|a SNKBUCL
|b slo
|c SNKBUCL
|e AACR2
|
| 041 |
0 |
|
|a cze
|
| 044 |
|
|
|a xo
|c SK
|
| 100 |
1 |
|
|a Řehánek, Jaroslav
|4 aut
|9 288177
|
| 245 |
1 |
0 |
|a VZDUCHOVÁ PROPUSTNOST A FILTRACE VODNÍ PÁRY MATERIÁLŮ. VÝSLEDKY MĚŘENÍ
|c Jaroslav Řehánek
|
| 773 |
0 |
|
|t Tepelná ochrana budov 2011
|d Bratislava] : BB print, 2011
|g S. 128-131
|z 9788097059545
|
| 954 |
|
|
|a odborná, vedecká literatúra cudzojazyčná (svetová)
|2 lita
|
| 958 |
|
|
|a OND
|
| 958 |
|
|
|a article12
|
| 958 |
|
|
|a chapter
|
| 999 |
|
|
|c 1241613
|d 1243543
|